Oriente

Gorde:
Xehetasun bibliografikoak
Egile nagusia: Blasco Ibañez, Vicente
Formatua: Liburua
Hizkuntza:Undetermined
Argitaratua: Valencia, España Prometeo 1907
Gaiak:
Etiketak: Etiketa erantsi
Etiketarik gabe, Izan zaitez lehena erregistro honi etiketa jartzen!

MARC

LEADER 00000nam a2200000Ia 4500
008 170316s9999 xx 000 0 und d
040 |a cru BVZT 
090 |a 862 B-17o 
100 |a Blasco Ibañez, Vicente 
245 |a Oriente 
260 |a Valencia, España 
260 |b Prometeo 
260 |c 1907 
300 |a 316 páginas 
650 |a LITERATURA ESPAÑOLA 
999 |c 9528  |d 9528 
942 |c 15 D  |h 862 B-17o  |2 z